Movies Quiz

Random Movies or Role Quiz

Pale Movie Characters Quiz Stats

 Plays Quiz Updated Feb 8, 2018

Also try: Depp and Burton
Challenge
Share
Tweet
Score 0/20 Timer 06:00
0 Plays Today
Col. Role/Movie % Correct
Edward Scissorhands (Edward Scissorhands)
95.5%
Voldemort (Harry Potter franchise)
91.5%
Willy Wonka (Charlie and the Chocolate Factory)
88.6%
Edward Cullen (Twilight)
86.1%
Wednesday Addams (Addams Family Values)
80.3%
Penguin (Batman Returns)
79.2%
The Emperor (Return of the Jedi)
71.6%
Sweeney Todd (Sweeney Todd: The Demon Barber of Fleet Street)
71.5%
Queen Elizabeth I (Elizabeth: The Golden Age)
65.2%
The White Queen (Alice in Wonderland)
53.9%
Col. Role/Movie % Correct
Silas (The Da Vinci Code)
49.1%
Victor Van Dort (Corpse Bride)
48.9%
The Albino (The Princess Bride)
44.9%
Barnabas Collins (Dark Shadows)
43.1%
The Twins (The Matrix Reloaded)
40.5%
Toshio Saeki (The Grudge)
31.9%
Jeremy Reed (Powder)
24.3%
Skeletor (Masters of the Universe)
19.3%
Borg Queen (Star Trek: First Contact)
17.8%
Bosie (Cold Mountain)
6.8%

You're not logged in!

Compare scores with friends on all Sporcle quizzes.
Join for Free
OR
Log In

You Might Also Like...

Show Comments

Extras

Top Quizzes Today


Score Distribution

Your Account Isn't Verified!

In order to create a playlist on Sporcle, you need to verify the email address you used during registration. Go to your Sporcle Settings to finish the process.

Report this User

Report this user for behavior that violates our Community Guidelines.

Details: